Κοινοτικές στρατηγικές για το περιβάλλον : θεμελιώδη κοινοτικά κείμενα για την προστασία και ορθή διαχείριση του φυσικού περιβάλλοντος

Αποθηκεύτηκε σε:
Λεπτομέρειες βιβλιογραφικής εγγραφής
Κύριος συγγραφέας: Τσάλτας, Γρηγόρης Ι., 1950-
Άλλοι συγγραφείς: Γρηγορίου, Παναγιώτης Η.
Μορφή: Βιβλίο
Γλώσσα:Greek
Δημοσίευση: Αθήνα : Παπαζήσης, 1994.
Θέματα:
Ετικέτες: Προσθήκη ετικέτας
Δεν υπάρχουν, Καταχωρήστε ετικέτα πρώτοι!

MARC

LEADER 00000cam a2200000 i 4500
001 1/15444
008 980605s1994 gr | ||| |||| ||gre||
020 |a 9600210837 
035 |l 10019831 
040 |a GR-MyUa  |b gre  |e AACR2 
041 0 |a gre 
082 7 |a 344.046   |2 (23) 
082 7 |a 363.7094   |2 (22) 
100 1 |a Τσάλτας, Γρηγόρης Ι.,   |d 1950- 
245 1 0 |a Κοινοτικές στρατηγικές για το περιβάλλον :   |b θεμελιώδη κοινοτικά κείμενα για την προστασία και ορθή διαχείριση του φυσικού περιβάλλοντος /   |c Γρηγόρης Ι. Τσάλτας, Παναγιώτης Γ. Γρηγορίου.  
260 |a Αθήνα :   |b Παπαζήσης,   |c 1994. 
300 |a 373 σ. ;   |c 21 εκ. 
650 0 |a Environmental law  |z European Union countries. 
650 0 |a Environmental policy  |z European Union countries. 
700 1 |a Γρηγορίου, Παναγιώτης Η. 
852 |a INST  |b CHIOS  |e 20010330  |h 363.7094 ΤΣΑ  |p 005200021227  |q 005200021227  |t BK  |y 0 
852 |a INST  |b CHIOS  |e 20050310  |h 363.7094 ΤΣΑ  |p 005200021777  |q 005200021777  |t BK  |y 0 
852 |a INST  |b LESVOS  |e 19980615  |h 363.7094 ΤΣΑ  |p 005100014359  |q 005100014359  |t BK  |y 0 
852 |a INST  |b LESVOS  |e 19980615  |h 363.7094 ΤΣΑ  |p 005100014360  |q 005100014360  |t BK  |y 0 
852 |a INST  |b LESVOS  |e 19980605  |h 363.7094 ΤΣΑ  |p 005100014558  |q 005100014558  |t BK  |y 0 
852 |a INST  |b LESVOS  |e 19980605  |h 363.7094 ΤΣΑ  |p 005100014559  |q 005100014559  |t BK  |y 0 
852 |a INST  |b RHODES  |e 20010423  |h 363.7094 ΤΣΑ  |p 005400016953  |q 005400016953  |t BK  |y 0 
852 |a INST  |b SYROS  |e 20010125  |h 344.046 ΤΣΑ  |p 005500001526  |q 005500001526  |t BK  |y 0 
901 |a BIBL-1998-2 
901 |a BIBL2-2001-1 
901 |a BIBL2-2005-1 
901 |a BIBL5-2001-1 
901 |a BIBL4-2001-1 
920 |a Διεύρυνση  |b ΕΠΕΑΕΚ-ΤΜΟΔ  |y Χίος  |z 2004-12 
920 |a Φοιτητική Μέριμνα  |y Λέσβος  |z 1998-04 
920 |a Γρηγορίου  |b Παναγιώτης  |y Λέσβος  |z 2001-03 
970 |a Αϊβατζίδου  |b Ελένη  |z 2000/02/02